书目信息 |
| 题名: |
水的深度处理与回用技术
|
|
| 作者: | 张林生 主编 | |
| 分册: | ||
| 出版信息: | 北京 化学工业出版社 2004.05 |
|
| 页数: | 281页 | |
| 开本: | 24cm | |
| 丛书名: | ||
| 单 册: | ||
| 中图分类: | X703 | |
| 科图分类: | ||
| 主题词: | 废水处理 , 废水综合利用 | |
| 电子资源: | ||
| ISBN: | 7-5025-5339-8 | |
| 000 | 00685nam0 2200229 45 | |
| 001 | 012004000000 | |
| 005 | 20050120091900.08 | |
| 010 | @a7-5025-5339-8@dCNY 34.00 | |
| 100 | @a20040910d2004 em y0chiy0121 ea | |
| 101 | 0 | @achi |
| 102 | @aCN@b110000 | |
| 105 | @aak z 000yy | |
| 200 | 1 | @a水的深度处理与回用技术@Ashui de shen du chu li yu hui yong ji shu@f张林生主编 |
| 210 | @a北京@c化学工业出版社@a北京@c环境科学与工程出版中心@d2004.05 | |
| 215 | @a281页@c图, 表格@d24cm | |
| 320 | @a本书含参考文献 | |
| 606 | 0 | @a废水处理 |
| 606 | 0 | @a废水综合利用 |
| 690 | @aX703@v4 | |
| 701 | 0 | @a张林生@Azhang lin sheng@4主编 |
| 801 | 0 | @aCN@bQSSKt@c20050120 |
| 905 | @a10447@dX703@eZ130 | |
| 水的深度处理与回用技术/张林生主编.-北京:化学工业出版社;北京:环境科学与工程出版中心,2004.05 |
| 281页:图, 表格;24cm |
| ISBN 7-5025-5339-8:CNY 34.00 |
| ● |
| 相关链接 |
|
|
|
正题名:水的深度处理与回用技术
索取号:X703/Z130
 
预约/预借
| 序号 | 登录号 | 条形码 | 馆藏地/架位号 | 状态 | 备注 |
| 1 | 424532 | 204245325 | 自科库501/501自科库 105排2列3层/ [索取号:X703/Z130] | 在馆 | |
| 2 | 424533 | 204245334 | 自科库501/501自科库 105排2列3层/ [索取号:X703/Z130] | 在馆 | |
| 3 | 424534 | 204245343 | 自科二线504/501自科库 105排2列3层/ [索取号:X703/Z130] | 在馆 | |
| 4 | 439354 | 204393548 | 自科二线504/501自科库 105排2列3层/ [索取号:X703/Z130] | 在馆 |